Fr. Conceicao Rodrigues College of Engineering

Problems and solutions in Basic Electrical and electronics engineering (Record no. 25455)

MARC details
000 -LEADER
fixed length control field 00349nam a2200145Ia 4500
082 ## - DEWEY DECIMAL CLASSIFICATION NUMBER
Classification number 621.3
Item number KAR
100 ## - MAIN ENTRY--PERSONAL NAME
Personal name Karandikar/ R.G
245 ## - TITLE STATEMENT
Title Problems and solutions in Basic Electrical and electronics engineering
260 ## - PUBLICATION, DISTRIBUTION, ETC.
Name of publisher, distributor, etc. Nandu Publishers
Date of publication, distribution, etc. 2004
300 ## - PHYSICAL DESCRIPTION
Extent 379
546 ## - LANGUAGE NOTE
Language note ENGLISH
654 ## - SUBJECT ADDED ENTRY--FACETED TOPICAL TERMS
Focus term electrical
942 ## - ADDED ENTRY ELEMENTS (KOHA)
Koha item type BOOK
Holdings
Withdrawn status Lost status Damaged status Not for loan Collection Home library Current library Date acquired Total Checkouts Full call number Barcode Date last seen Price effective from Koha item type
        CRC Fr. Agnel's C.Rodrigues College of Engineering Fr. Agnel's C.Rodrigues College of Engineering 17/03/2023   621.3 KAR 13818 17/03/2023 17/03/2023 BOOK